000 00386nam a2200121Ia 4500
008 220615s9999||||xx |||||||||||||| ||und||
245 0 _aHaptics Rendering and Applications
546 _aEnglish[eng]
650 _aComputer modelling & simulation
700 _aEl Saddik, Abdulmotaleb
856 _uhttps://mts.intechopen.com/storage/books/624/authors_book/authors_book.pdf
942 _cEB
999 _c15769
_d15769